5 największych wysp na morzu Południowochińskim - Statystyki

Ogólne statystyki
  • Ten quiz został rozwiązany 4 razy
  • Średni wynik to 4 z 5
Statystyki odpowiedzi
Państwo Wyspa % Poprawnych
Indonezja Jawa
100%
Filipiny Luzon
100%
Malezja, Brunei,Indonezja Borneo
75%
Indonezja Sumatra
75%
Indonezja Celebes
25%
Nie znaleziono quizów pasujących do podanych kryteriów
Rozkład punktacji
Procent ludzi z każdym wynikiem
Percentyl według liczby udzielonych odpowiedzi
Twoja historia wyników
Nie rozwiązałeś tego quizu